La diada roja o les noces de Fígaro (Record no. 40943)

MARC details
000 -LEADER
campo de control de longitud fija 00764nam a2200217 i 4500
001 - NÚMERO DE CONTROL
campo de control 40943
003 - IDENTIFICADOR DE NÚMERO DE CONTROL
campo de control ES-MaACL
005 - FECHA Y HORA DE LA ÚLTIMA TRANSACCIÓN
campo de control 20260429201017.0
007 - CAMPO FIJO DE DESCRIPCIÓN FÍSICA--INFORMACIÓN GENERAL
campo de control de longitud fija t|
008 - DATOS DE LONGITUD FIJA--INFORMACIÓN GENERAL
campo de control de longitud fija 030307s1968 sp ||||1| cat d
100 ## - ENTRADA PRINCIPAL--NOMBRE DE PERSONA
Nombre de persona Beaumarchais, Pierre Augustin Caron de,
Fechas asociadas al nombre 1732-1799
9 (RLIN) 239070
245 13 - MENCIÓN DEL TÍTULO
Título La diada roja o les noces de Fígaro
Resto del título : peça en quatre actes /
Mención de responsabilidad, etc. de Pierre Augustín Caron de Beaumarchais ; traducció i adaptació de Francex Nel-lo.
250 ## - MENCION DE EDICION
Mención de edición [1ª ed.].
260 ## - PUBLICACIÓN, DISTRIBUCIÓN, ETC.
Lugar de publicación, distribución, etc. [Barcelona :
Nombre del editor, distribuidor, etc. Edicions 62,
Fecha de publicación, distribución, etc. [1968]
300 ## - DESCRIPCIÓN FÍSICA
Extensión 87-188 p. ;
Dimensiones 18 cm.
490 1# - MENCIÓN DE SERIE
Mención de serie Els llibres de l'escorpi ;
Designación de volumen o secuencia 12
700 1# - ENTRADA AGREGADA--NOMBRE PERSONAL
Nombre de persona Nel-lo, Francex.
9 (RLIN) 85353
830 0# - PUNTO DE ACCESO ADICIONAL DE SERIE-TÍTULO UNIFORME
Título uniforme Els llibres de l'escorpi ;
Designación de volumen o secuencia 12
9 (RLIN) 181883
852 ## - LOCALIZACIÓN
Ubicación ES-MaACL
Número de control de estantería C-44900
Sublocalización o colección R.80484
Holdings
Estatus retirado Estado de pérdida Estado de daño No para préstamo Biblioteca de origen Biblioteca actual Ubicación en estantería Fecha de adquisición Fuente de adquisición Total de préstamos Signatura topográfica completa Código de barras Visto por última vez Precio de reemplazo Tipo de ítem Koha
        Biblioteca del Ateneo de Madrid Biblioteca del Ateneo de Madrid Depósito 2 17/01/2008     C-44900 1043102 23/02/2023 23/02/2023 Libro impreso